00481nam a2200169Ia 4500008004100000020001800041040001900059041001200078082002200090100002600112245007900138260003400217300001800251504001900269650000800288850001500296131103s9999 xx 000 0 und d a1-55971-753-X aLoreto College aEnglish aREF2bLCBED/14098 aFredricks, Anthony D. aAmazing animalsb nature's most incredible creatures cAnthony D.Fredricks a[s.l.]bNorthword Pressc2000 a160p c 21cm. aIncludes index aREF aLCBED/REF2